| 000 | 00868nam a22001817a 4500 | ||
|---|---|---|---|
| 999 |
_c59429 _d59429 |
||
| 003 | Ge_BSU | ||
| 005 | 20230215150937.0 | ||
| 008 | 230215s2001 ge ||||| |||| 00| 0 geo d | ||
| 020 |
_a9992881801 _c |
||
| 041 | _ageo | ||
| 080 | _a341 : 327(479.22) ს-32 | ||
| 245 |
_aსაქართველო და საერთაშორისო სამართალი : _b(სტატიათა კრებული) / _c[რედ.: კონსტანტინე კორკელია, ირაკლი სესიაშვილი]. _h |
||
| 264 |
_aთბილისი : _b საია, _c2001. |
||
| 300 |
_a276 გვ.; _b20 სმ. |
||
| 653 | _aსაერთაშორისო სამართალი | ||
| 700 |
_aკორკელია, კონსტანტინე _eრედაქტორი _9539 |
||
| 942 |
_2udc _cBK |
||